| 000 | 01058nac a22002651u 4500 | ||
|---|---|---|---|
| 010 | _a 2004042061 | ||
| 020 | _a0750647914 (pbk.) | ||
| 035 | _a(OCoLC)ocm54685420 | ||
| 082 | 0 | 0 |
_a671.2 _bCAM |
| 090 |
_c7534 _d7534 |
||
| 100 | _aCampbell, John, | ||
| 245 | 1 | 0 |
_aCastings practice : _bthe 10 rules of castings / _cJohn Campbell. |
| 260 |
_aAmsterdam ; _aBoston : _bElsevier/Butterworth-Heinemann,2004 _c2004. |
||
| 300 |
_axii, 205 p. : _bill. ; _c25 cm. |
||
| 500 | _aRev. ed. of: Castings. Oxford : Butterworth-Heinemann, 1991. | ||
| 500 | _adistributer: Al-Ahram | ||
| 504 | _aIncludes bibliographical references (p. [195]-198) and index. | ||
| 511 | _acatalogued by: wessam | ||
| 650 | 0 | _aFounding. | |
| 650 | 0 | _aMetal castings. | |
| 700 | 1 |
_aCampbell, John, _cMAFS. |
|
| 856 | 4 | 2 |
_3Publisher description _uhttp://www.loc.gov/catdir/enhancements/fy0668/2004042061-d.html |
| 942 |
_cBB _k671.2CAM |
||
| 999 |
_c7534 _d7534 |
||